00688nam a22002057a 4500010001300000020001100013035001300024037001800037040001200055082001700067100001400084245018300098250001100281260003700292270005400329300002600383650002500409650002500434700002300459 aA-903302 c675.00 aA-903302 bCen Lib / Ret aDPLbEN a346.078bROW aRow's, S. aS. Row's Law of Insolvency :bcontaining exhaustive commentary on the Provincial Inseolvency Act, 1920 and Presidency Towns Insolvency Act, 1909 /cby S. Row's ; Prafulla C. Pant a6th ed aAllahabadbThe Law Book Coc1997 aPost Box no. 1-004, Sardar Patel Marg.bNew Delhi alxxx, 1056pb24cm(hb) aBankruptcy -- India. a Bankruptcy. India.  a Pant, Prafulla C.